000
00268nam a2200097Ia 4500
001
718321
005
20250826163021.0
008
250824s9999 xx 000 0 und d
245
0
_a
MONTESSORİ YÖNTEMİYLE ÇOCUK EĞİTİMİ
_c
ERİMAN TOPBAŞ
260
_b
PANAMA YAYINLARI
999
_c
718321
_d
718321